00926nam a2200241Ia 450000100060000000300090000600800410001504000130005604000130006904100130008210000170009510000290011224500500014124500460019125000110023726000100024826000100025826000490026830000430031750002690036065000240062965000310065360251IT-RoPAU130308s9999 xx 000 0 und d aIT-RoPAU cIT-RoPAU aFRANCESE aRicoeur Paul gCodice Aut. SPICS: 2052 aTemps et recit-Tome III-Le temps racontè bTemps et Recit-Tome Iii-Le Temps Raconte' a1a ed. aPARIS bSeuil c1985 [1° Ed.:1985 - Ed.Ling.Originale:1985] a"430 p. (prefazione: no ; testo: 430)" aTemporalità Tempo dell'Anima e Tempo del Mondo Tempo Intuitivo e Tempo invisibile Temporalità Storicità Poetica del Racconto Storia Finzione Tempotempo Storico Tempo Universale Realtà del Passato Storico Storia e Fiction Ermeneutica della Coscienza Storica aSAGGI DI SEMIOLOGIA eCodice materia Spics: 3257